000 00823nas a2200301 i 4500
001 2924
003 ES-MaACL
005 20250901093441.0
007 t|
008 060203c1989 sp a| | 0 ||pa d
080 _a(460)
080 _a33
245 0 0 _aInforme anual - Bolsa de Madrid.
246 1 3 _aInforme de mercado / Bolsa de Madrid
260 _aMadrid :
_bBolsa de Madrid,
_c1989-
300 _a16 v. ;
_c27 cm.
310 _aAnual
362 0 _a1989-
547 _aDesde 1994 se titula: Informe de mercado / Bolsa de Madrid.
650 1 7 _aEconomía
_2embne
_912006
655 7 _2tgfbne
_9226866
_aRevistas
710 2 _aBolsa Oficial de Comercio de Madrid
_9147501
852 _aES-MaACL
_jHem-1894
866 0 _o1989-2000.
942 _2udc
_cPERIODICA
999 _c2924
_d2924